[Event "Canadian op"]
[Site "Montreal"]
[Date "2008.07.23"]
[Round "5"]
[White "Gulko, Alexander"]
[Black "Meera, Sai Ravi"]
[Result "0-1"]
[WhiteElo "1894"]
[BlackElo "2179"]
[PlyCount "80"]
[EventDate "2008.07.19"]
[EventType "swiss"]
[EventRounds "9"]
[EventCountry "CAN"]
[SourceTitle "CBM 125 Extra"]
[Source "ChessBase"]
[SourceDate "2008.09.01"]
[SourceVersion "1"]
[SourceVersionDate "2008.09.01"]
[SourceQuality "1"]

1. d4 Nf6 2. Nf3 g6 3. Bg5 Bg7 4. Nbd2 d5 5. e3 c5 6. c3 h6 7. Bf4 Nbd7 8. h3 b6 9. Be2 Bb7 10. 0-0 Ne4 11. Ne5 Nxd2 12. Qxd2 Nxe5 13. Bxe5 f6 14. Bh2 0-0 15. c4 cxd4 16. Qxd4 e5 17. Qg4 Kh7 18. cxd5 f5 19. Qb4 a5 20. Qa3 Qxd5 21. f3 Qd2 22. Rf2 Qb4 23. Rd1 e4 24. Bd6 Qxa3 25. bxa3 Rfc8 26. Bb5 Rc3 27. Re1 Rd8 28. Be7 Rdc8 29. f4 Bc6 30. Bxc6 R8xc6 31. Rd2 Rd3 32. Rxd3 exd3 33. Rd1 Rc3 34. a4 Kg8 35. Bd8 Bf8 36. Bxb6 Bb4 37. Kf2 Ra3 38. Kf3 d2 39. g4 Rxa2 40. Ke2 Rxa4 0-1